Normal view
MARC view
- Simon Cox
Entry Personal Name
001 - CONTROL NUMBER
- control field: 27471
003 - CONTROL NUMBER IDENTIFIER
- control field: NUST
005 - DATE AND TIME OF LATEST TRANSACTION
- control field: 20200110112729.0
008 - FIXED-LENGTH DATA ELEMENTS
- fixed length control field: 200110|| aca||aabn | a|a d
040 ## - CATALOGING SOURCE
- Original cataloging agency: NUST
- Transcribing agency: NUST
100 ## - HEADING--PERSONAL NAME
- Personal name: Simon Cox
670 ## - SOURCE DATA FOUND
- Source citation: Work cat.: (NUST): Simon Cox, The Dan Brown Companion
